000 00221nam a22000857a 4500
008 170622b xxu||||| |||| 00| 0 eng d
100 _93621
_aJerke. N
245 _aVisual basis 6: complete
260 _aNew Delhi
_bTata M. C
_c2009
999 _c7011
_d7011